| 000 | 00793nam a2200229Ia 4500 | ||
|---|---|---|---|
| 005 | 20240530110955.0 | ||
| 008 | 140319s2007 xx 000 0 ara d | ||
| 020 | _a9775433495 | ||
| 040 |
_aGCL / _cGCL |
||
| 082 | 0 | 4 |
_a658.1 / _bا ت |
| 100 | 1 | _aاحمد ماهر | |
| 245 | 1 | 2 |
_aالتنظيم : _bالدليل العملى لتصميم الهياكل والممارسات التنظيمية / _cتاليف احمد ماهر |
| 250 | _aالاولى | ||
| 260 |
_aالاسكندرية : _bالدار الجامعية، _c2007 |
||
| 300 |
_a635 ص؛ _c30 سم _bايض |
||
| 650 | 0 | 4 | _aالادارة |
| 650 | 0 | 4 | _aعلم التنظيم |
| 650 | 0 | 4 | _aالتصميم |
| 650 | 0 | 4 | _aالهيكل الوظيفى |
| 942 |
_2ddc _cBK |
||
| 999 |
_c67085 _d67085 |
||